000
00315nam a22001337a 4500
003
SGT
082
_a
617.5
_b
A14S
100
_a
SOLOMON. LOUIS
245
_a
APLEY AND SOLOMON'S CONCISE SYSTEM OF ORTHOPEDICS
260
_a
INDIA
_b
CRC PRESS
_c
2014
300
_a
486
490
_a
ORTHOPEDICS
942
_2
ddc
_c
BK
_0
1
999
_c
14773
_d
14773